[Event "Collado Villalba op-B 32nd"]
[Site "Collado Villalba"]
[Date "2015.08.28"]
[Round "7"]
[White "Perez Ramos, Miguel Angel"]
[Black "Lianes Garcia, Alicia"]
[Result "0-1"]
[WhiteElo "1358"]
[BlackElo "1277"]
[PlyCount "68"]
[EventDate "2015.08.22"]
[EventType "swiss"]
[EventRounds "9"]
[EventCountry "ESP"]
[SourceTitle "EXT 2016"]
[Source "ChessBase"]
[SourceDate "2015.10.08"]
[SourceVersion "1"]
[SourceVersionDate "2015.10.08"]
[SourceQuality "1"]

1. d4 Nf6 2. Nc3 d5 3. Nf3 c5 4. Bf4 Nc6 5. a3 Bf5 6. e3 e6 7. Nb5 Rc8 8. Nc3 a6 9. b3 Bd6 10. h3 Bxf4 11. exf4 cxd4 12. Nxd4 Nxd4 13. Qxd4 Bxc2 14. Bd3 Bxb3 15. Rc1 Bc4 16. f3 Bxd3 17. Qxd3 0-0 18. 0-0 Rc4 19. f5 Qb6+ 20. Kh1 Rfc8 21. fxe6 fxe6 22. Rfe1 Qc6 23. Ne2 b5 24. Rc3 Rxc3 25. Nxc3 Qxc3 26. Qe2 Re8 27. Kg1 Qxa3 28. g4 b4 29. Qc2 Qc3 30. Rc1 Qxc2 31. Rxc2 b3 32. Rb2 Rb8 33. Kf2 a5 34. Ke2 a4 0-1

[Event "Collado Villalba op-B 32nd"]
[Site "Collado Villalba"]
[Date "2015.08.24"]
[Round "3"]
[White "Garcia Castineira, Ivan"]
[Black "Lianes Garcia, Alicia"]
[Result "1-0"]
[WhiteElo "1688"]
[BlackElo "1277"]
[PlyCount "65"]
[EventDate "2015.08.22"]
[EventType "swiss"]
[EventRounds "9"]
[EventCountry "ESP"]
[SourceTitle "EXT 2016"]
[Source "ChessBase"]
[SourceDate "2015.10.08"]
[SourceVersion "1"]
[SourceVersionDate "2015.10.08"]
[SourceQuality "1"]

1. d4 d5 2. c4 e6 3. Nf3 c5 4. cxd5 exd5 5. e3 Nc6 6. Nc3 Nf6 7. Be2 Bf5 8. 0-0 Bd6 9. Nb5 cxd4 10. Nxd6+ Qxd6 11. Nxd4 Nxd4 12. Qxd4 0-0 13. Bd2 Rac8 14. Bb4 Qe6 15. Bxf8 Kxf8 16. Qb4+ Qe7 17. Qxe7+ Kxe7 18. Rac1 Kd7 19. f3 Rc6 20. Bb5 Kd6 21. Bxc6 bxc6 22. Rc3 Bd7 23. Ra3 Ne8 24. Rxa7 Nc7 25. e4 Nb5 26. Rb7 Nd4 27. exd5 cxd5 28. Rd1 Nc6 29. a4 f5 30. b4 Nd8 31. Rxd5+ Kc6 32. Rbxd7 Nb7 33. Rxb7 1-0

[Event "Collado Villalba op-B 32nd"]
[Site "Collado Villalba"]
[Date "2015.08.23"]
[Round "2"]
[White "Lianes Garcia, Alicia"]
[Black "Criado Riesgo, Manuel"]
[Result "1-0"]
[WhiteElo "1277"]
[BlackElo "1535"]
[PlyCount "107"]
[EventDate "2015.08.22"]
[EventType "swiss"]
[EventRounds "9"]
[EventCountry "ESP"]
[SourceTitle "EXT 2016"]
[Source "ChessBase"]
[SourceDate "2015.10.08"]
[SourceVersion "1"]
[SourceVersionDate "2015.10.08"]
[SourceQuality "1"]

1. e4 c6 2. Nf3 d5 3. exd5 cxd5 4. d4 Nf6 5. Nc3 e6 6. Bg5 Be7 7. Bb5+ Nc6 8. Ne5 Bd7 9. 0-0 h6 10. Bf4 Rc8 11. Re1 Bb4 12. Bd2 Bxc3 13. Bxc3 Nxe5 14. dxe5 Ne4 15. Bxd7+ Qxd7 16. Bd4 b6 17. f3 Nc5 18. b4 Nb7 19. c3 Rc4 20. f4 0-0 21. Re3 Nd8 22. Rg3 Nc6 23. Qg4 g6 24. Qh4 Nxd4 25. cxd4 Kh7 26. Rh3 h5 27. g4 Qd8 28. Qg3 Kh6 29. gxh5 g5 30. fxg5+ Qxg5 31. Qxg5+ Kxg5 32. h6 Rxd4 33. h7 Rh4 34. Rg3+ Rg4 35. h4+ Kxh4 36. Rxg4+ Kxg4 37. Rf1 Rh8 38. Rxf7 a5 39. bxa5 bxa5 40. Kf2 Kg5 41. Re7 Kf5 42. Ke3 Kxe5 43. Kd3 Kd6 44. Ra7 Ke5 45. a4 Kd6 46. Kd4 e5+ 47. Kd3 Kc5 48. Rxa5+ Kb4 49. Ra7 Kc5 50. a5 e4+ 51. Ke3 Kc4 52. a6 Kc5 53. Rg7 Kb6 54. a7 1-0

[Event "Madrid San Viator op 23rd"]
[Site "Madrid"]
[Date "2014.11.16"]
[Round "8"]
[White "Lianes Garcia, Alicia"]
[Black "Cortijo Manso, Luis"]
[Result "0-1"]
[WhiteElo "1346"]
[BlackElo "1546"]
[PlyCount "94"]
[EventDate "2014.09.28"]
[EventType "swiss"]
[EventRounds "9"]
[EventCountry "ESP"]
[SourceTitle "EXT 2016"]
[Source "ChessBase"]
[SourceDate "2015.10.08"]
[SourceVersion "1"]
[SourceVersionDate "2015.10.08"]
[SourceQuality "1"]

1. e4 e6 2. d4 d5 3. exd5 exd5 4. Nf3 Bd6 5. Nc3 Ne7 6. Bd3 c6 7. 0-0 0-0 8. Bd2 Bf5 9. Be3 Bxd3 10. Qxd3 Ng6 11. Rfe1 Nd7 12. Re2 Bf4 13. Rae1 Nf6 14. g3 Bxe3 15. Rxe3 Qd7 16. Ne5 Nxe5 17. Rxe5 Rae8 18. Rxe8 Rxe8 19. Rxe8+ Qxe8 20. Qe2 Kf8 21. Kf1 Qxe2+ 22. Kxe2 Ke7 23. Ke3 Ng4+ 24. Ke2 Nxh2 25. f3 g5 26. Kf2 g4 27. fxg4 Nxg4+ 28. Kf3 f5 29. Kf4 Kf6 30. Nd1 h5 31. Ne3 Nxe3 32. Kxe3 Kg5 33. Kf3 b6 34. a3 c5 35. c3 cxd4 36. cxd4 f4 37. gxf4+ Kf5 38. b3 h4 39. a4 a5 40. Kg2 Kxf4 41. Kh3 Ke4 42. Kxh4 Kxd4 43. Kg4 Ke3 44. Kg3 d4 45. Kg2 Ke2 46. Kg3 d3 47. Kf4 d2 0-1